Derecho societario / (Registro nro. 4716)

Detalles MARC
000 -LEADER
fixed length control field 01116nam a2200277Ia 4500
003 - CONTROL NUMBER IDENTIFIER
control field OSt
005 - DATE AND TIME OF LATEST TRANSACTION
control field 20200819183237.0
008 - FIXED-LENGTH DATA ELEMENTS--GENERAL INFORMATION
fixed length control field 191128s1979 ck gr 000 0 spa d
020 ## - INTERNATIONAL STANDARD BOOK NUMBER
International Standard Book Number 9583505846
040 ## - CATALOGING SOURCE
Original cataloging agency CO-JMCR
Transcribing agency CO-JMCR
041 0# - LANGUAGE CODE
Language code of text/sound track or separate title spa
082 04 - DEWEY DECIMAL CLASSIFICATION NUMBER
Classification number 346.0682 /
Item number R457d
Edition number 23
100 1# - MAIN ENTRY--PERSONAL NAME
Personal name Reyes Villamizar, Francisco,
Relator term autor
9 (RLIN) 8969
245 10 - TITLE STATEMENT
Title Derecho societario /
Statement of responsibility, etc. Francisco Reyes Villamizar, Néstor Humberto Martínez Neira y Gabino Pinzón
250 ## - EDITION STATEMENT
Edition statement Segunda edición
260 ## - PUBLICATION, DISTRIBUTION, ETC.
Place of publication, distribution, etc. Bogotá :
Name of publisher, distributor, etc. Fuente Jurídica,
Date of publication, distribution, etc. 1979
300 ## - PHYSICAL DESCRIPTION
Extent 2 volúmenes ;
Dimensions 24 cm.
490 0# - SERIES STATEMENT
Series statement Obras jurídicas
505 2# - FORMATTED CONTENTS NOTE
Formatted contents note v.1 Criterios para la clasificación de las sociedades -- Promesa de contrato, régimen de promotores y requisitos del fondo del contrato social -- Requisitos de forma del contrato social -- Inexistencia, nulidad e inoponibilidad del contrato social
650 14 - SUBJECT ADDED ENTRY--TOPICAL TERM
Topical term or geographic name entry element Sociedades anónimas
9 (RLIN) 8970
650 14 - SUBJECT ADDED ENTRY--TOPICAL TERM
Topical term or geographic name entry element Empresas
9 (RLIN) 8971
650 14 - SUBJECT ADDED ENTRY--TOPICAL TERM
Topical term or geographic name entry element Sociedades
9 (RLIN) 8972
700 1# - ADDED ENTRY--PERSONAL NAME
Personal name Martínez Neira, Néstor Humberto,
Relator term autor
9 (RLIN) 8973
700 1# - ADDED ENTRY--PERSONAL NAME
Personal name Pinzón, Gabino,
Relator term autor
9 (RLIN) 8974
942 ## - ADDED ENTRY ELEMENTS (KOHA)
Source of classification or shelving scheme Dewey Decimal Classification
Koha item type Books
Existencias
Withdrawn status Lost status Source of classification or shelving scheme Damaged status Not for loan Collection code Home library Current library Date acquired Source of acquisition Total Checkouts Full call number Barcode Date last seen Date last checked out Copy number Koha item type
    Dewey Decimal Classification     Non-fiction Biblioteca Pública José María del Castillo y Rada Biblioteca Pública José María del Castillo y Rada 04/15/2018 Donación 1 346.0682 / R457d 430000025 08/05/2024 08/05/2024 V.1 / Ej.1 Books